000 01873nam0a2200337 4500
001 RU\NLR\bibl\1441900
005 20260405112134.0
010 _a978-5-94665-888-1
_95000
021 _aRU
_b2009-79285
_94972
035 _a(NLR Aleph) 001433752
090 _a1419120
_c1419120
100 _a20091123d2009 |||y0rusy50 ca
101 0 _arus
102 _aRU
105 _aa |||||||||
200 1 _aПодробный разбор заданий из задачника по физике автора А.П. Рымкевича (М.: Дрофа) + задачи повышенной сложности
_e10-11 классы
_fС.Н. Борисов
210 _aМосква
_cВако
_d2009
215 _a383, [1] с.
_cил.
_d17
225 1 _aСам себе репетитор
300 _aЗагл. обл.: Ответы и решения к задачнику А.П. Рымкевича Физика: 10-11 классы + новые задачи и задачи повышенной сложности
300 _aНа обороте тит л. авт.: Борисов С.Н., к.ф.н., преп.
300 _aНа обл. авт. не указан
512 1 _aОтветы и решения к задачнику А.П. Рымкевича Физика: 10-11 классы + новые задачи и задачи повышенной сложности
606 1 _aФизика
_jУчебные издания для средней школы
_xЗадачи
_xРешение
_91884306
_3RU\NLR\auth\661146906
686 _aВ3я721-41
700 1 _4070
_8rus
_7ca
_aБорисов
_bС. Н.
_cканд. техн. наук, авт. учеб. пособий по физике
_gСергей Николаевич
_3RU\NLR\auth\7743028
_925971
801 0 _aRU
_bNLR
_c20091123
_gRCR
801 1 _aRU
_bNLR
_c20091123
942 _cBOOK
980 _aNB